000 00613nam a2200181Ia 4500
008 151018s9999 xx 000 0 und d
082 _bRBASDV10031
_a891.464
100 _aपु ग सहस्त्रबुद्धे
245 _aइहवादी शासन
250 _b1
260 _bकेशरी प्रकाशन
_c1970
300 _a327
600 _aपु ग सहस्त्रबुद्धे
630 _aइहवादी शासन
700 _aपु ग सहस्त्रबुद्धे
730 _aइहवादी शासन
942 _cBOOK
999 _c1012391
_d1012388